| 000 | 00853nam a22001337a 4500 | ||
|---|---|---|---|
| 040 | _cRUA | ||
| 082 | _aAVM NOU 2010 B091 Or.1 | ||
| 100 | _aNOU, VAEHANA. | ||
| 245 | _aStudy on growth rate of avian supplemented shrim by- product and ivy-gourd on hi-grofeed in thr royal university of agriculture, ការសិក្សាលើការលាុតលាស់មាន់សាច់ពូជAVIAN ដោយបន្ថែមអនុផលបង្គា និងស្លឹកបាសលើចំណីផ្សំរបស់ក្រុមហ់ុន ស៊ី ភី នៅសាកលវិទ្យាល័យភូមិន្ធកសិកម្ម. | ||
| 260 |
_apnom phen _bRUA _c2010 |
||
| 300 |
_aXII,39p. _bill. _c29cm. |
||
| 856 | _uhttps://drive.google.com/file/d/13T7NX_F9yJvV2dTFgiZbr2D-8wsfe9-P/view?usp=sharing | ||
| 942 | _cAVM | ||
| 999 |
_c2357 _d2357 |
||